Southville International School and Colleges
Your cart is empty.
  • Cart
  • Lists
    Public lists Eva Luna New books Lux_list list_1
    Your lists Log in to create your own lists
  • Log in to your account
  • Your cookies
  • Search history
Southville International School and Colleges
  • Advanced search
  • Recent comments
  • Most popular
  • Libraries

Log in to your account

Log in with GOOGLE


If you do not have an external account, but do have a local account, you can still log in:

  1. Home
  2. MARC view: APEX maths :
Normal view MARC view ISBD view

APEX maths : (Record no. 109776)

[ view plain ]
MARC details
000 -LEADER
fixed length control field 00414nam a2200157 a 4500
005 - DATE AND TIME OF LATEST TRANSACTION
control field 20140414093849.0
008 - FIXED-LENGTH DATA ELEMENTS--GENERAL INFORMATION
fixed length control field 110718s19uu xx 00 eng d
020 ## - INTERNATIONAL STANDARD BOOK NUMBER
International Standard Book Number 9781845651183
050 ## - LIBRARY OF CONGRESS CALL NUMBER
Classification number CDR 510
Item number C597 2006-3
100 ## - MAIN ENTRY--PERSONAL NAME
Personal name Clarke, Peter
245 ## - TITLE STATEMENT
Title APEX maths :
Remainder of title word problems 3 /
Statement of responsibility, etc Peter Clarke.
260 ## - PUBLICATION, DISTRIBUTION, ETC. (IMPRINT)
Place of publication, distribution, etc London :
Name of publisher, distributor, etc Cambridge,
Date of publication, distribution, etc 2006.
650 ## - SUBJECT ADDED ENTRY--TOPICAL TERM
Topical term or geographic name as entry element Mathematics
942 ## - ADDED ENTRY ELEMENTS (KOHA)
Koha item type Audio Visual Materials
Holdings
Withdrawn status Lost status Damaged status Home library Current library Shelving location Date acquired Source of acquisition Cost, normal purchase price Total Checkouts Full call number Barcode Date last seen Price effective from Koha item type
      Luxembourg Library Luxembourg Library Audio Visual Material Section 07/18/2011   4623.00   CDR 510 C597 2006-3 AV1445 04/14/2014 04/14/2014 Audio Visual Materials

APEX maths :

APA

Clarke P., . (2006). APEX maths. London: Cambridge.

Chicago

Clarke Peter, . 2006. APEX maths. London: Cambridge.

Harvard

Clarke P., . (2006). APEX maths. London: Cambridge.

MLA

Clarke Peter, . APEX maths. London: Cambridge. 2006.

  • Place hold
  • Print
  • Cite
  • Add to your cart (remove)
  • Save record
    BIBTEX Dublin Core MARCXML MARC (non-Unicode/MARC-8) MARC (Unicode/UTF-8) MARC (Unicode/UTF-8, Standard) MODS (XML) RIS
  • More searches
    Search for this title in:
    Other Libraries (WorldCat) Other Databases (Google Scholar) Online Stores (Bookfinder.com) Open Library (openlibrary.org)

Exporting to Dublin Core...

SOUTHVILLE LIBRARY

Southville International School and Colleges Library

1281 Tropical Ave. Cor. Luxembourg St., BF Homes International, Las Pinas City

Tel. No. 8256374 / 252358 Loc. 117/146

Powered by Koha